| 000 | 00873nam a2200217Ii 4500 | ||
|---|---|---|---|
| 003 | JO-AjNU | ||
| 008 | 230605s9999||||xx |||||||||||||| ||und|| | ||
| 017 | _a2004/9/2268 | ||
| 040 |
_aJO-AjNU _bara _erda _cJO-AjNU |
||
| 041 | _aara | ||
| 050 | 1 | 4 | _aHD37.A7.M3286.2005 |
| 100 | 3 |
_aتأليف: المبيضين، عقلة محمد يوسف / م.مشارك: وليد مجلي العواودة, _eauthor _916408 |
|
| 245 | 0 | 0 | _aالادارة الحديثة: التطور والمفاهيم والوظائف=Modern Management: Evolution,Concepts and functions |
| 250 | _aط1 | ||
| 264 | 3 | 1 | _aالمفرق:دار المسار للنشر والتوزيع،2005 |
| 300 | _a262ص | ||
| 336 |
_atext _btxt _2rdacontent |
||
| 337 |
_aunmediated _bn _2rdamedia |
||
| 338 |
_avolume _bnc _2rdacarrier |
||
| 650 | 4 |
_aالادارة العامة -التطوير الاداري _916409 |
|
| 999 |
_aA4854 _c8422 _d8422 |
||